banner koha

Efeitos da densidade populacional e da renovação de água sobre o desempenho produtivo. Parâmetros hidrológicos e lucratividade, na produção da tilápia nilótica (Oreochromis niloticus), em sistema raceway (Registro n. 82933)

MARC details
000 -LÍDER
campo de controle de tamanho fixo 01227nam a22003137a 4500
001 - NÚMERO DE CONTROLE
campo de controle BR2016005036
003 - IDENTIFICADOR DO NÚMERO DE CONTROLE
campo de controle BR-BrBNA
005 - DATA E HORÁRIO DA ÚLTIMA TRANSAÇÃO
campo de controle 20230928105018.0
007 - CAMPO FIXO DE DESCRIÇÃO FÍSICA--INFORMAÇÃO GERAL
campo de controle de tamanho fixo ta
008 - CAMPO DE DADOS FIXOS--INFORMAÇÃO GERAL
campo de controle de tamanho fixo 230509b bl.||||| |||| 00| 0 por d
040 ## - FONTE DA CATALOGAÇÃO
Instituição da catalogação original BR-BrBNA
Idioma da catalogação por
Instituição que transcreveu o registro Biblioteca Nacional de Agricultura
041 ## - CÓDIGO DE IDIOMA
Código do idioma do texto/trilha sonora ou título diferente (Por)
072 ## - CÓDIGO DE CATEGORIA DE ASSUNTO
Código de Categoria de Assunto M11
Código do objeto 8134
090 ## - NÚMERO DE CHAMADA LOCAL
-- 8134 BR2016005036
100 1# - ENTRADA PRINCIPAL--NOME PESSOAL
Nome pessoal Silva, P.C.
110 1# - ENTRADA PRINCIPAL--NOME CORPORATIVO
Nome corporativo ou nome da jurisdição Universidade Estadual Paulista, Jaboticabal, SP (Brasil). Faculdade de Ciências Agrárias e Veterinárias
Grau Universitário Tese (Doutorado em Zootecnia, Área de Concentração em Produção Animal)
9 (RLIN) 10718
245 1# - TÍTULO
Título Efeitos da densidade populacional e da renovação de água sobre o desempenho produtivo. Parâmetros hidrológicos e lucratividade, na produção da tilápia nilótica (Oreochromis niloticus), em sistema raceway
260 3# - PUBLICAÇÃO, DISTRIBUIÇÃO, ETC.
Local de publicação, distribuição, etc. Jaboticabal, SP (Brasil):
Data da publicação, distribuição, etc. 2001.
300 ## - DESCRIÇÃO FÍSICA
Extensão 51 p.
500 ## - NOTA GERAL
Nota geral Includes several bibliographies.; Summaries (Eng, Por); 12 tables
650 ## - ASSUNTO--TERMO TÓPICO
Cabeçalho tópico ou nome geográfico TAXA DE LOTAÇÃO
650 ## - ASSUNTO--TERMO TÓPICO
Cabeçalho tópico ou nome geográfico PRODUÇÃO PESQUEIRA
650 ## - ASSUNTO--TERMO TÓPICO
Cabeçalho tópico ou nome geográfico TILÁPIA NILÓTICA
650 ## - ASSUNTO--TERMO TÓPICO
Cabeçalho tópico ou nome geográfico PEIXE DE ÁGUA DOCE
650 ## - ASSUNTO--TERMO TÓPICO
Cabeçalho tópico ou nome geográfico OREOCHROMIS NILOTICUS
650 ## - ASSUNTO--TERMO TÓPICO
Cabeçalho tópico ou nome geográfico LUCRO
909 ## -
-- 202309
-- Lucia
-- 55
-- Lucia Elande
942 ## - ELEMENTOS DE ENTRADA ADICIONADOS (KOHA)
Tipo de material Koha Livros
Exemplares
Situação do descarte Fonte da classificação ou esquema de arquivamento na estante Situação física Não pode ser emprestado Coleção Biblioteca de origem Biblioteca atual Total de empréstimos Número de telefone completo Código de barras Data de último acesso Número do exemplar Tipo de material Koha Situação das perdas Data de aquisição Fonte de aquisição
  Classificação AGRIS       Biblioteca Nacional de Agricultura - Binagri Biblioteca Nacional de Agricultura - Binagri   8134 BR2016005036 8134 BR2016005036 25/09/2023 01 Livros   2023-09-25 Portaria Interministerial nº 164/94

BINAGRI

Telefone: (61)3218-2567/2388/3357/2097 - binagri@agro.gov.br

Ministério da Agricultura e Pecuária , Esplanada dos Ministérios, Bloco D, Anexo B, Brasília/DF, CEP: 70.043-900